Economics by design : principles and issues
Contents: the economic journey; the power of prices; the energy of the marketplace; probing the public sector; aggregates for the big picture; the journey continues.
Gorde:
| Egile nagusia: | |
|---|---|
| Beste egile batzuk: | |
| Formatua: | Liburua |
| Hizkuntza: | Vietnamese |
| Argitaratua: |
Upper Saddle River, N.J.
Prentice Hall
1997
|
| Gaiak: | |
| Etiketak: |
Etiketa erantsi
Etiketarik gabe, Izan zaitez lehena erregistro honi etiketa jartzen!
|
| Thư viện lưu trữ: | Thư viện Trường Đại học Nam Cần Thơ |
|---|
| LEADER | 00985nam a22002177a 4500 | ||
|---|---|---|---|
| 001 | NCT_79579 | ||
| 008 | 200509b xxu||||| |||| 00| 0 vie d | ||
| 999 | |c 3892 |d 3892 | ||
| 020 | |a 0133737969 | ||
| 082 | 0 | 4 | |2 23rd ed. |a 330 |b C711 |
| 100 | 1 | |a Collinge, Robert A | |
| 245 | 1 | 0 | |a Economics by design : |b principles and issues |c Robert A. Collinge, Ronald M. Ayers |
| 260 | |a Upper Saddle River, N.J. |b Prentice Hall |c 1997 | ||
| 300 | |a ii, 296 p. |b ill. |c 28cm | ||
| 504 | |a Includes bibliographical references and index. | ||
| 520 | 3 | |a Contents: the economic journey; the power of prices; the energy of the marketplace; probing the public sector; aggregates for the big picture; the journey continues. | |
| 653 | |a Quản trị kinh doanh | ||
| 700 | 1 | |a Ayers, Ronald M. | |
| 942 | |2 ddc |c BK | ||
| 952 | |0 0 |1 0 |2 ddc |4 0 |6 330_000000000000000_C711 |7 0 |9 19522 |a 000001 |b 000001 |d 2020-05-09 |o 330 C711 |p MD.17148 |r 2020-05-09 |w 2020-05-09 |y BK | ||
| 980 | |a Thư viện Trường Đại học Nam Cần Thơ | ||


